000 01156cam a2200217 4500
001 WB3929-08
008 030731n2003 000 0 eng u
035 _a(Sirsi) u123166
245 _aNational emissions reduction plan for large combustion plant
260 _c2003
490 _aEnvironmental Information Bulletin
_v(132) August/September 2003
520 _aA scheme is proposed by the government to adopt a national emissions reduction plan. This is underpinned by an emissions trading scheme to implement the revised large combustion plant Directive (01/80/EC). A consultation document was issued at the end of June by DEFRA which covers England, Wales and Northern Ireland. The directive supersedes Directive 88/609/EEC and takes into account advances in combustion and abatement technologies. For the consultation: http://www.defra.gov.uk/corporate/consult/current.htm
590 _aWB
650 _aNATIONAL EMISSIONS REDUCTION PLAN
650 _aDIRECTIVE 01/80/EC
650 _aENVIRONMENT AGENCY
650 _aDEFRA
650 _aLCP DIRECTIVE
690 _aENVIRONMENTAL AND LAND CONSULTANCY-ENVIRONMENTAL MANAGEMENT
942 _n0
999 _c73145
_d73145